[Event "3rd Open"]
[Site "Tanta City EGY"]
[Date "2000.05.03"]
[Round "1"]
[White "Elkadi,A"]
[Black "El Ghazali,Y"]
[Result "0-1"]
[WhiteElo "2254"]
[BlackElo "2386"]

1.d4 Nf6 2.c4 Nc6 3.Nf3 e6 4.a3 d6 5.Nc3 g6 6.e4 Bg7 7.Be2 O-O 8.O-O h6 9.h3 e5
10.d5 Ne7 11.b4 Nd7 12.Ne1 f5 13.f3 f4 14.Nd3 g5 15.c5 Nf6 16.a4 Ng6 17.Nf2 h5
18.Rb1 Rf7 19.Nb5 Bf8 20.cxd6 cxd6 21.Na3 Nh4 22.Nc4 Rg7 23.Rb3 Bd7 24.b5 Rc8
25.Rc3 g4 26.fxg4 hxg4 27.hxg4 Nxg2 28.Kxg2 Nxg4 29.Nxg4 Bxg4 30.Bxg4 Qh4
31.Rh3 Qxg4+ 32.Qxg4 Rxg4+ 33.Kf3 Rg6 34.Ne3 fxe3 35.Bxe3 Rc4 36.a5 Rf6+
37.Kg2 Rxf1 38.Kxf1 a6 39.bxa6 bxa6 40.Rh4 Ra4 41.Bb6 Ra2 42.Rg4+ Kf7 43.Rg2 Ra4
44.Rg4 Rc4 45.Ke2 Bh6 46.Kd3 Ra4 47.Bc7 Ra3+ 48.Ke2 Bf8 49.Rg5 Be7 50.Rg1 Ra4
51.Kf3 Rc4 52.Bb6 Bf8 53.Ke3 Rc3+ 54.Kd2 Rb3 55.Rf1+ Ke8 56.Rh1 Rf3 57.Rh7 Rf7
58.Rh3 Rf4 59.Kd3 Rf1 60.Rh7 Rf7 61.Rh1 Rf3+ 62.Ke2 Rf4 63.Kd3 Rf3+ 64.Be3 Be7
65.Ke2 Rg3 66.Rb1 Rg2+ 67.Kf3 Ra2 68.Rb8+ Kf7 69.Bb6 Ra3+ 70.Ke2 Ra2+ 71.Kd3 Ra3+
72.Ke2 Ra2+ 73.Kf3 Ra3+ 74.Kg4 Ra4 75.Kf5 Ra3 76.Rb7 Rg3 77.Be3 Rxe3 78.Rb1 Rf3+
79.Kg4 Rf4+ 80.Kg3 Rxe4 81.Rb6 Rd4 82.Rxa6  0-1

[Event "New York Open"]
[Site "New York USA"]
[Date "2000.05.05"]
[Round "2"]
[White "Clavijo,J"]
[Black "Yermolinsky,A"]
[Result "0-1"]
[WhiteElo "2388"]
[BlackElo "2601"]

1.d4 Nf6 2.c4 Nc6 3.Nf3 e6 4.Nc3 Bb4 5.e3 O-O 6.Bd3 d6 7.O-O Bxc3 8.bxc3 e5
9.Qc2 h6 10.Nd2 b6 11.f4 exd4 12.exd4 Re8 13.Nb3 d5 14.f5 Ba6 15.cxd5 Bxd3
16.Qxd3 Qxd5 17.Bf4 Ne5 18.Qh3 Nc4 19.Rf3 Re4 20.Raf1 Rae8 21.Bxh6 gxh6 22.Qxh6 Rg4
23.Qxf6 Ne3 24.c4 Qxc4 25.Rxe3 Rxe3 26.h3 Rxh3 27.Re1 Kh7 28.Re8 Rh1+ 29.Kxh1 Qf1+  0-1

[Event "New York Open"]
[Site "New York USA"]
[Date "2000.05.09"]
[Round "7"]
[White "Grabliauskas,V"]
[Black "Benjamin,Joe"]
[Result "0-1"]
[WhiteElo "2463"]
[BlackElo "2591"]

1.d4 Nf6 2.c4 Nc6 3.Nf3 e6 4.g3 d5 5.Bg2 dxc4 6.Qa4 Bb4+ 7.Bd2 Nd5 8.Qb5 O-O
9.Qxc4 Nb6 10.Qd3 e5 11.Bxb4 Nxb4 12.Qd2 a5 13.a3 e4 14.axb4 Nc4 15.Qc1 exf3
16.Bxf3 Qxd4 17.Nd2 Ne5 18.bxa5 Bh3 19.Qc3 Nxf3+ 20.Nxf3 Qe4 21.Qd4 Qc6 22.Qc3 Qa6
23.Nd4 Rfe8 24.f3 c5 25.Qxc5 Bg2 26.Kf2 Bxh1 27.Rxh1 Rec8 28.Qg5 h6 29.Qg4 Qxa5
30.Nf5 Qb6+ 31.Kg2 Qf6 32.Kh3 Rc2 33.Rd1 Rxe2 34.Rd6 Re6 35.Rd7 b5 36.f4 b4
37.Rb7 Qxb2 38.Rxb4 Qf6 39.Rb7 Rd8 40.Rb5 Rd2 41.Rb8+ Kh7 42.Nh4 Ree2 43.Nf3 Rb2
44.Rf8 Rf2 45.f5 Qe7 46.Ra8 Qe2  0-1

[Event "Bank Pocztowy Open"]
[Site "Bydgoszcz POL"]
[Date "2000.05.30"]
[Round "3"]
[White "Bogdanov,Val"]
[Black "Poluljahov,A"]
[Result "1/2-1/2"]
[WhiteElo "2425"]
[BlackElo "2526"]

1.d4 Nf6 2.c4 Nc6 3.Nf3 e6 4.a3 d6 5.Nc3 g6 6.e4 Bg7 7.Be2 O-O 8.O-O Re8
9.Be3 e5 10.d5 Nd4 11.Nxd4 exd4 12.Bxd4 Nxe4 13.Bxg7 Kxg7 14.Nxe4 Rxe4 15.f3 Re5
16.f4 Re4 17.Bd3 Rd4 18.Qc2 Qf6 19.f5 g5 20.Rae1 Bd7 21.g3 Rf8 22.Re3 c6  1/2-1/2

[Event "Master Open"]
[Site "Lausanne SUI"]
[Date "2000.06.02"]
[Round "4"]
[White "Moiseenko,A"]
[Black "Prusikhin,M"]
[Result "1-0"]
[WhiteElo "2573"]
[BlackElo "2429"]

1.d4 Nf6 2.c4 Nc6 3.Nf3 e6 4.a3 g6 5.Nc3 Bg7 6.e4 d6 7.h3 O-O 8.Be3 Re8 9.Bd3 Nd7
10.Be2 f5 11.d5 Nce5 12.dxe6 Nxf3+ 13.Bxf3 Ne5 14.exf5 gxf5 15.O-O c6 16.Bh5 Ng6
17.Bd4 Bxe6 18.Re1 Qh4 19.Bxg7 Kxg7 20.Bxg6 hxg6 21.Qxd6 Qxc4 22.Qc7+ Kh6
23.Rad1 b5 24.Re3 Bd5 25.Rde1 Rxe3 26.Rxe3 a6 27.Re7 Rh8 28.Qe5 Rh7 29.Re8 b4
30.axb4 Qxb4 31.Qe3+ f4 32.Qe5 Bf7 33.Rb8 Qc4 34.Ne4 Qc1+ 35.Kh2 f3 36.Nf6 Be6
37.Nxh7 fxg2 38.Qe3+  1-0

[Event "Bank Pocztowy Open"]
[Site "Bydgoszcz POL"]
[Date "2000.06.06"]
[Round "9"]
[White "Utnasunov,A"]
[Black "Kantorik,M"]
[Result "0-1"]
[WhiteElo "2175"]
[BlackElo "2303"]

1.d4 Nf6 2.c4 Nc6 3.Nf3 e6 4.Nc3 Bb4 5.a3 Bxc3+ 6.bxc3 d6 7.g3 Qe7 8.a4 O-O
9.Ba3 e5 10.dxe5 Nxe5 11.Nxe5 Qxe5 12.Qd4 Re8 13.Qxe5 Rxe5 14.Bg2 Ne4 15.e3 a5
16.O-O Nd2 17.Rfd1 Nxc4 18.Bc1 Rb8 19.Rb1 Nb6 20.Ba3 Nxa4 21.Rxd6 cxd6 22.Bxd6 Nxc3
23.Rb3 a4 24.Rxc3 Rb5 25.Be4 Ra8 26.Bc2 Be6 27.e4 Rb2 28.e5 Rc8 29.Rxc8+ Bxc8
30.Bxa4 Bh3 31.f4 Rg2+  0-1

[Event "ch-NOR"]
[Site "Asker NOR"]
[Date "2000.07.10"]
[Round "3"]
[White "Eriksen,T"]
[Black "Hagesaether,H"]
[Result "0-1"]
[WhiteElo "2242"]
[BlackElo "2215"]

1.d4 Nf6 2.c4 Nc6 3.Nf3 d6 4.Nc3 e5 5.dxe5 Nxe5 6.Nxe5 dxe5 7.Qxd8+ Kxd8
8.Bg5 c6 9.e3 Kc7 10.O-O-O Be6 11.Be2 Nd7 12.Bh4 Nb6 13.b3 a5 14.a4 Nd7 15.Bg3 f6
16.Kb2 Re8 17.Rc1 Bf5 18.Rhd1 Nc5 19.Rd2 h5 20.h4 g6 21.Rcd1 Rh7 22.Rc1 Bh6
23.Rcd1 Rf7 24.Bf3 Bf8 25.Be2 Ree7 26.f3 Rd7 27.Bf2 b6 28.e4 Rxd2+ 29.Rxd2 Bc8
30.Bxc5 Bxc5 31.Bd1 Be3 32.Rc2 g5 33.hxg5 fxg5 34.Re2 Bd4 35.Kc2 h4 36.Re1 Kd6
37.Be2 Kc5 38.Nb1 Kb4 39.Nd2 Rd7 40.Rd1 Rh7 41.Rh1 Be6 42.Rd1 h3 43.gxh3 Rxh3
44.Rf1 Rh2 45.Kd3 Bh3 46.Rc1 Bc8 47.Rf1 Be6 48.Rc1 Rh3 49.Kc2 Be3 50.Rb1 g4
51.Nf1 Bf4 52.fxg4 Rc3+ 53.Kd1 Rxb3  0-1

[Event "Politiken Cup"]
[Site "Copenhagen DEN"]
[Date "2000.07.21"]
[Round "5"]
[White "Hovmoller,K"]
[Black "El Kher,H"]
[Result "0-1"]
[WhiteElo "2170"]
[BlackElo "2374"]

1.d4 Nf6 2.c4 Nc6 3.Nc3 e5 4.d5 Ne7 5.e4 Ng6 6.Be3 Bb4 7.f3 Bxc3+ 8.bxc3 d6
9.Bd3 Nd7 10.Ne2 b6 11.Qd2 Nc5 12.Nc1 O-O 13.Nb3 Nxd3+ 14.Qxd3 f5 15.Nd2 Nh4
16.Rg1 Qe8 17.O-O-O Qa4 18.Qc2 Qxc2+ 19.Kxc2 Rf7 20.Rdf1 Ba6 21.Ra1 Bc8 22.Kd3 Ng6
23.Rgf1 Bd7 24.Rae1 h6 25.exf5 Bxf5+ 26.Ne4 Raf8 27.Bd2 Nh4 28.Re2 g5 29.h3 Nxg2
30.Rxg2 Bxh3 31.Rgf2 Bxf1+ 32.Rxf1 Rxf3+ 33.Rxf3 Rxf3+ 34.Ke2 Rf7 35.Nf2 Kg7
36.Kf1 Kg6 37.Kg2 h5 38.Ne4 Rf5 39.Ng3 Rf8 40.Ne4 g4 41.Ng5 h4 42.Ne6 h3+
43.Kg1 h2+ 44.Kxh2 Rf2+ 45.Kg3 Rxd2 46.Nxc7 Rd3+ 47.Kxg4 Rxc3 48.Nb5 Rxc4+
49.Kf3 Rc5 50.Nxd6 Rxd5 51.Nc8 Ra5 52.Ke4 Kf6  0-1

[Event "Politiken Cup"]
[Site "Copenhagen DEN"]
[Date "2000.07.22"]
[Round "6"]
[White "Tozer,R"]
[Black "Nilsson,L"]
[Result "1-0"]
[WhiteElo "2317"]
[BlackElo "2061"]

1.d4 Nf6 2.c4 Nc6 3.Nf3 e6 4.Nc3 Bb4 5.Qc2 O-O 6.e4 d6 7.a3 Bxc3+ 8.bxc3 e5
9.Bd3 h6 10.Be3 b6 11.O-O Nh5 12.c5 f5 13.exf5 bxc5 14.dxe5 dxe5 15.Bxc5 Rf6
16.Be4 Qe8 17.Rfe1 Nf4 18.Rad1 Bd7 19.g3 Nh3+ 20.Kg2 Ng5 21.Nxg5 hxg5 22.Be3 Rb8
23.Bxg5 Rd6 24.Rxd6 cxd6 25.Rd1 g6 26.fxg6 Rb6 27.Qe2 Nd8 28.Qh5 Ne6 29.Qh7+  1-0

[Event "10th Smith & Williamson YM"]
[Site "Witley ENG"]
[Date "2000.07.22"]
[Round "9"]
[White "Addison,B"]
[Black "Palliser,R"]
[Result "1-0"]
[WhiteElo "2222"]
[BlackElo "2322"]

1.d4 Nf6 2.c4 Nc6 3.Nc3 e5 4.d5 Ne7 5.Nf3 Ng6 6.h4 h5 7.Bg5 Bc5 8.e3 Qe7
9.Qc2 Bb4 10.O-O-O Bxc3 11.Qxc3 d6 12.Nd2 Bf5 13.e4 Bd7 14.g3 c6 15.Kb1 c5
16.Be2 a6 17.Qb3 b5 18.cxb5 axb5 19.Bxb5 Bxb5 20.Qxb5+ Qd7 21.Qxd7+ Nxd7
22.Nc4 Ra6 23.b3 O-O 24.Rd2 f6 25.Be3 f5 26.exf5 Ne7 27.Bg5 Nxf5 28.Kb2 Rfa8
29.Ra1 Nb6 30.Nxb6 Rxb6 31.Rc2 Nd4 32.Rc4 Nb5 33.a4 Nc7 34.Rd1 Rab8 35.Rd3 R6b7
36.f4 Re8 37.fxe5 Rxe5 38.Bf4 Rxd5 39.Rxd5 Nxd5 40.Bxd6 Nb6 41.Rf4 c4 42.a5 Na4+
43.Ka3 cxb3 44.a6  1-0

[Event "Politiken Cup"]
[Site "Copenhagen DEN"]
[Date "2000.07.26"]
[Round "9"]
[White "Baburin,A"]
[Black "El Kher,H"]
[Result "1-0"]
[WhiteElo "2590"]
[BlackElo "2374"]

1.d4 Nf6 2.c4 Nc6 3.Nf3 e6 4.Nc3 Bb4 5.Qc2 d6 6.a3 Bxc3+ 7.Qxc3 a5 8.d5 Nb8
9.dxe6 Bxe6 10.b3 Nbd7 11.Bb2 O-O 12.e3 Re8 13.Be2 Qe7 14.Nd4 c5 15.Nb5 Nb6
16.a4 d5 17.O-O dxc4 18.bxc4 Red8 19.Qc2 Bd7 20.Nc3 Bg4 21.Bd3 Qd7 22.Nd5 Nbxd5
23.cxd5 Qxd5 24.Bc4 Qg5 25.Kh1 Bf5 26.Qe2 Ne4 27.Rad1 Rxd1 28.Rxd1 Rd8 29.Kg1 h6
30.Rxd8+ Qxd8 31.f3 Nd6 32.Qd2 Be6 33.Bxe6 fxe6 34.Be5 Nf7 35.Qxd8+ Nxd8
36.Bd6 Kf7 37.Kf2 Ke8 38.Bxc5 e5 39.Ke2 Kd7 40.Bb6 Ne6 41.Bxa5 e4 42.Bb4 exf3+
43.Kxf3 Nc7 44.Ke4 Ke6 45.Bf8 Ne8 46.Kd4 h5 47.Kc5 Kd7 48.h3 Nc7 49.Bxg7 Ne6+
50.Kb6 Nxg7 51.Kxb7 h4 52.a5 Nf5 53.a6 Nd6+ 54.Kb8 Nb5 55.a7 Nxa7 56.Kxa7 Kc7
57.e4 Kd6 58.Kb6 Ke5 59.Kc5 Kf4 60.Kd4 Kg3 61.e5  1-0

[Event "Open"]
[Site "Bergen NOR"]
[Date "2000.07.28"]
[Round "8"]
[White "Bae,T"]
[Black "Mork,K"]
[Result "1-0"]
[WhiteElo "2246"]
[BlackElo "2279"]

1.d4 Nf6 2.c4 Nc6 3.Nf3 e6 4.a3 d6 5.Nc3 g6 6.e4 Bg7 7.Be2 O-O 8.O-O Re8
9.Bg5 h6 10.Bh4 g5 11.Bg3 Nh5 12.d5 Nxg3 13.hxg3 Ne7 14.Rc1 a6 15.Nd4 c5
16.dxc6 bxc6 17.c5 d5 18.exd5 exd5 19.b4 Qc7 20.Bf3 Qe5 21.Nb3 Nf5 22.a4 Ne3
23.fxe3 Qxe3+ 24.Kh2 Bxc3 25.Bh5 Ra7 26.Rf3 Qe4 27.Rcxc3 g4 28.Rfe3 Qxe3
29.Rxe3 Rxe3 30.Bxg4 Rxb3 31.Qxb3 Bxg4 32.Qe3 Be6 33.Qd4 Kh7 34.Kg1 Kg6 35.Kf2 Bf5
36.g4 Be4 37.Qe5 Rb7 38.b5 axb5 39.Qd6+ f6 40.Qxc6 Ra7 41.axb5 Ra2+ 42.Ke1 Kg5
43.b6 Kf4 44.Qd6+ Ke3 45.Qg3+ Kd4 46.b7 Ra1+ 47.Kf2  1-0

[Event "Politiken Cup"]
[Site "Copenhagen DEN"]
[Date "2000.07.28"]
[Round "11"]
[White "Romsdal,T"]
[Black "El Kher,H"]
[Result "0-1"]
[WhiteElo "2222"]
[BlackElo "2374"]

1.d4 Nf6 2.c4 Nc6 3.Nf3 e6 4.e3 Bb4+ 5.Bd2 Bxd2+ 6.Nbxd2 d6 7.Qc2 O-O 8.a3 a5
9.h3 e5 10.O-O-O exd4 11.exd4 Nh5 12.d5 Ne7 13.Nd4 Ng6 14.g3 Nf6 15.Bg2 Bd7
16.f4 Re8 17.Rde1 Rxe1+ 18.Rxe1 Qf8 19.Qc3 Re8 20.Nf1 Rxe1+ 21.Qxe1 b6 22.Qe3 h5
23.Nd2 Qc8 24.h4 Kf8 25.Be4 Ne7 26.N2f3 Nxe4 27.Qxe4 Bf5 28.Qe1 Bg6 29.Kd2 Qh3
30.Ke3 Nf5+ 31.Nxf5 Qxf5 32.Kf2 Qc2+ 33.Qe2 Qb1 34.Ke3 Qe4+ 35.Kf2 Qb1 36.Ke3 Qc1+
37.Kf2 Bf5 38.Nd4 Bg4 39.Qc2 Qh1 40.Qc3 Qh2+ 41.Kf1 a4 42.Ke1 Qg2 43.Qd3 Qxb2
44.Nb5 Qg2 45.Nxc7 Bf3 46.Qe3 Qxg3+ 47.Kd2 Qg2+ 48.Kc3 Kg8 49.Qxb6 Bg4 50.Qxd6 Qg3+
51.Kb4 Qxh4 52.c5 Qe1+ 53.Kb5 h4 54.Qd8+ Kh7 55.Qg5 Qg3 56.c6 f6 57.Qxg4 Qxg4
58.d6 Qd1 59.d7 h3 60.Ne6 h2 61.d8=Q Qb3+ 62.Ka6 h1=Q 63.Qd7 Qc4+ 64.Kb7 Qb5+
65.Kc7 Qg2 66.Qe8 Qg4 67.Kd6 Qd3+ 68.Kc7 Qxa3 69.Nf8+ Kh6 70.Ne6 Qg6 71.Qh8+ Qh7
72.Qe8 g6+ 73.Qd7 Qxd7+ 74.cxd7 Qe7 75.Nd4 a3  0-1

[Event "ch-GBR"]
[Site "Millfield ENG"]
[Date "2000.08.10"]
[Round "10"]
[White "Crouch,C"]
[Black "Lalic,B"]
[Result "1/2-1/2"]
[WhiteElo "2448"]
[BlackElo "2520"]

1.d4 Nf6 2.c4 Nc6 3.Nf3 e6 4.Nc3 Bb4 5.Bg5 h6 6.Bh4 Bxc3+ 7.bxc3 Qe7 8.e3 d6
9.Nd2 g5 10.Bg3 b6 11.h4 Rg8 12.hxg5 hxg5 13.c5 Bb7 14.cxd6 cxd6 15.Bb5 Kf8
16.e4 e5 17.d5 Na5 18.Qe2 Rc8 19.Rc1 Kg7 20.Qe3 Nh7 21.Qf3 Rh8 22.Rh5 Rcg8
23.Nf1 Bc8 24.Ne3 Qf6 25.Qxf6+ Kxf6 26.Kd2 Nf8 27.Rch1 Rxh5 28.Rxh5 Ng6 29.f3 Rh8
30.Rxh8 Nxh8 31.Nc4 Nxc4+ 32.Bxc4 Bd7 33.Bf2 Ke7 34.Be3 f6 35.g3 Kd8 36.Be2 Ng6
37.Kc2 Kc7 38.Kb3 Kb7 39.Bc1  1/2-1/2

[Event "Open"]
[Site "Polanica Zdroj POL"]
[Date "2000.08.23"]
[Round "6"]
[White "Malaniuk,V"]
[Black "Vlassov,N"]
[Result "1/2-1/2"]
[WhiteElo "2548"]
[BlackElo "2455"]

1.d4 Nf6 2.c4 Nc6 3.Nf3 e6 4.Nc3 Bb4 5.Qb3 a5 6.a3 a4 7.Qc2 Bxc3+ 8.bxc3 d6
9.e4 e5 10.h3 Bd7 11.Rb1 b6 12.Bd3 O-O 13.Be3 Qe7 14.O-O Nh5 15.Qd1 g6 16.Re1 Na5
17.Nd2 f6 18.Bc2 Nb7 19.Rb4 Qe8 20.Nf1 Ra5 21.Bh6 Ng7 22.Ne3 Nd8 23.Nd5 Nde6
24.Be3 Qf7 25.Rb2 Kh8 26.Bd3 Nh5 27.Be2 Nhg7 28.Rf1 g5 29.Bc1 Raa8 30.Kh2 f5
31.exf5 Nxf5 32.dxe5 dxe5 33.Bh5 Qg7 34.g3 Rad8 35.Qe2 Bc6 36.Re1 Nd6 37.Rd2 Nc5
38.Nb4 Be4 39.f3 Bb7 40.Qxe5 Qxe5 41.Rxe5 h6 42.Rde2 Bxf3 43.Bxf3 Rxf3 44.Kg2 Rf7
45.Rd5 Rdd7 46.Be3 Nxc4 47.Bxc5 Rxd5 48.Nxd5 bxc5 49.Re4 Nb2 50.Re2 Nd3 51.Re3 c4
52.Re4 Rf2+  1/2-1/2

[Event "6th WUCC"]
[Site "Golden Sands BUL"]
[Date "2000.09.08"]
[Round "8"]
[White "Mester,G"]
[Black "Janssen,R"]
[Result "1/2-1/2"]
[WhiteElo "2379"]
[BlackElo "2414"]

1.d4 Nf6 2.c4 Nc6 3.Nf3 e6 4.e3 Bb4+ 5.Bd2 Qe7 6.Bd3 e5 7.Nxe5 Nxe5 8.dxe5 Bxd2+
9.Qxd2 Qxe5 10.Nc3 O-O 11.O-O-O d6 12.e4 Be6 13.Kb1 c6 14.Rhe1 a6 15.f4 Qc5
16.e5 dxe5 17.fxe5 Nd7 18.Ne4 Qe7 19.Qf4 Rfd8 20.Re3 Nc5 21.Nxc5 Qxc5 22.Bxh7+ Kf8
23.Red3 Rxd3 24.Bxd3 Rd8 25.Qh4 Rd4 26.Qh8+ Ke7 27.Qxg7 Bxc4 28.Qg5+ Ke8
29.Qg8+ Ke7 30.Qg5+ Ke8 31.Qg8+ Kd7 32.Bf5+ Kc7 33.Rxd4 Qxd4 34.b3 Qd1+ 35.Kb2 Qd2+
36.Kb1 Qe1+ 37.Kc2 Qf2+ 38.Kc3 Bd5 39.Qg5 Qe1+ 40.Kd4 Qa1+ 41.Kd3 Qxe5 42.h4 Bxg2
43.Qg4 Bf1+ 44.Kd2 Be2 45.Qe4 Qxe4 46.Bxe4 Bh5 47.Kc3 Kd6 48.Kc4 f6 49.b4 Kc7
50.a4 a5 51.bxa5 Be2+ 52.Kd4 Ba6 53.h5 c5+ 54.Kxc5  1/2-1/2

[Event "FSIMA September"]
[Site "Budapest HUN"]
[Date "2000.09.09"]
[Round "8"]
[White "Kahn,E"]
[Black "Appleberry,M"]
[Result "1/2-1/2"]
[WhiteElo "2346"]
[BlackElo "2291"]

1.d4 Nf6 2.c4 Nc6 3.d5 Ne5 4.Qd4 d6 5.f4 c5 6.Qd1 Ng6 7.Nc3 e5 8.dxe6 fxe6
9.e4 Be7 10.Nf3 O-O 11.Be2 b5 12.cxb5 d5 13.f5 Nh8 14.exd5 exd5 15.Bg5 d4
16.Bc4+ Nf7 17.Ne2 Ng4 18.h3 Bxg5 19.hxg4 Kh8 20.Bxf7 Rxf7 21.Qb3 Rc7 22.Nxg5 Qxg5
23.Kf2 g6 24.Qg3 Re7 25.Nf4 Rf7 26.Rae1 Bxf5 27.gxf5 Qxf5 28.Kg1 Qxf4 29.Qxf4 Rxf4
30.Re7 h5 31.Rh3 Rd8 32.Rd3 c4 33.Rd1 Ra8 34.Rd7 d3 35.Re1 d2 36.Rxd2 Rf7
37.Rd6 Rb8 38.a4 Rb6 39.Re8+ Kg7 40.Rxb6 axb6 41.Rc8 Rb7 42.Rxc4 Kf6 43.Kf2 g5
44.Rc8 Kf5 45.Kf3 Ke5 46.Rh8 Rf7+ 47.Ke2 Rf4 48.b3 h4 49.Rh6 Rg4 50.Kf2 Rf4+
51.Kg1 Rb4 52.Rxb6 Rxb3 53.a5 g4 54.Kh2 Kf4 55.Rb8 Rb1 56.Rf8+ Kg5  1/2-1/2

[Event "chT-SLO"]
[Site "Bled SLO"]
[Date "2000.10.17"]
[Round "4"]
[White "Soln,P"]
[Black "Belamaric,G"]
[Result "1-0"]
[WhiteElo "2413"]
[BlackElo "2208"]

1.d4 Nf6 2.c4 Nc6 3.Nf3 d6 4.Bf4 Bg4 5.Nbd2 Nxd4 6.Nxd4 e5 7.Be3 exd4 8.Bxd4 Be7
9.Qb3 Qc8 10.f3 Be6 11.e4 O-O 12.Be2 Nd7 13.O-O Ne5 14.f4 Nc6 15.Be3 f5 16.exf5 Bxf5
17.c5+ Kh8 18.cxd6 Bxd6 19.Nc4 Be7 20.Rac1 Be6 21.Qd1 Bf6 22.b3 Qe8 23.Qe1 Rd8
24.Qg3 Bd5 25.Rfe1 Qe7 26.Bf2 Qf7 27.Ne3 Nd4 28.Bd3 Bc6 29.Bc4 Qh5 30.Ng4 Nf5
31.Nxf6 gxf6 32.Qc3 Qg4 33.Bf1 Qxf4 34.Re6 Rd2 35.Qc5 Rg8 36.Rxf6 Rxf2 37.Rf8  1-0

[Event "Gp A"]
[Site "Cap d'Agde FRA"]
[Date "2000.10.30"]
[Round "4"]
[White "Tkachiev,V"]
[Black "Benjamin,Joe"]
[Result "1/2-1/2"]
[WhiteElo "2657"]
[BlackElo "2577"]

1.d4 Nf6 2.c4 Nc6 3.Nf3 e6 4.g3 Bb4+ 5.Bd2 Qe7 6.Nc3 Bxc3 7.Bxc3 Ne4 8.Rc1 O-O
9.Bg2 d6 10.d5 Nd8 11.O-O e5 12.Nd2 Nxc3 13.Rxc3 b6 14.b4 a5 15.a3 axb4 16.axb4 f5
17.c5 bxc5 18.bxc5 Nf7 19.Qc2 f4 20.cxd6 cxd6 21.Rc7 Qf6 22.Qc3 Bg4 23.Bf3 Bh3
24.Bg2 Bg4 25.Bf3 Bh3 26.Bg2 Bg4  1/2-1/2

[Event "Chigorin Mem"]
[Site "St Petersburg RUS"]
[Date "2000.11.01"]
[Round "2"]
[White "Rusanov,M"]
[Black "Poluljahov,A"]
[Result "1-0"]
[WhiteElo "2405"]
[BlackElo "2543"]

1.d4 Nf6 2.c4 Nc6 3.Nf3 e6 4.e3 Bb4+ 5.Bd2 a5 6.Be2 O-O 7.O-O Bxd2 8.Qxd2 d6
9.Rd1 Ne4 10.Qc2 f5 11.Nc3 Nb4 12.Qc1 Qf6 13.a3 Nc6 14.Qc2 Nxc3 15.Qxc3 a4
16.c5 Ra5 17.cxd6 cxd6 18.Rac1 Bd7 19.Bc4 d5 20.Be2 f4 21.Qd2 fxe3 22.fxe3 Rfa8
23.Rf1 Qe7 24.Bd3 Be8 25.Qc2 g6 26.Rce1 Bd7 27.e4 Qg7 28.e5 Rf8 29.Qc3 g5
30.h3 Rf4 31.g3 Rf8 32.Nh2 Rxf1+ 33.Rxf1 Ra8 34.Ng4 Kh8 35.Nf6 Rc8 36.Rc1 Be8
37.Bb5 Bg6 38.Bxa4 Bf5 39.g4 Bg6 40.Bxc6 Rxc6 41.Qd2 Qc7 42.Rxc6 Qxc6 43.Qc3 Qxc3
44.bxc3 b5 45.Kf2 Kg7 46.Kg3 Kf7 47.h4 h6 48.hxg5 hxg5 49.Kf2 Bd3 50.Nd7 Ke7
51.Nc5 Bc4 52.a4 bxa4 53.Nxa4 Bb3 54.Nb2 Kf7 55.Ke3 Ke7 56.Kd3 Kd7 57.Kd2 Ke7
58.Nd3 Bc4 59.Ne1 Kf7 60.Ng2 Ke7 61.Ne3 Bb5 62.Nd1 Kf7 63.Ke1 Ke7 64.Nf2 Kf7
65.Nh3 Kg6 66.Kd2 Bf1 67.Nf2 Kf7 68.Kc2 Ke7 69.Kb3 Bg2 70.c4 dxc4+ 71.Kxc4 Bf3
72.Nh3 Bxg4 73.Nxg5 Kd7 74.Kc5 Bf5 75.Kb6 Bd3 76.Nh3 Be4 77.Nf4 Bf3 78.Nd3 Bd5
79.Nc5+ Kc8 80.Kb5 Kc7 81.Kb4 Kd8 82.Kc3 Ke7 83.Kd3 Kf7 84.Ke3 Bc4 85.Kf4 Kg6
86.Ne4 Bb3 87.Ke3 Kf7 88.Nf6 Ba2 89.Kd3 Ke7 90.Ng8+ Kf7 91.Nh6+ Kg6 92.Ng4 Kf7
93.Kc3 Ke7  1-0

[Event "34th Olympiad"]
[Site "Istanbul TUR"]
[Date "2000.11.12"]
[Round "14"]
[White "Dias,P"]
[Black "Khruschiov,A"]
[Result "0-1"]
[WhiteElo "2302"]
[BlackElo "2381"]

1.d4 Nf6 2.c4 Nc6 3.Nf3 e6 4.Nc3 Bb4 5.Bg5 h6 6.Bh4 d6 7.e3 O-O 8.Be2 Qe7
9.Qc2 Bxc3+ 10.Qxc3 g5 11.Nxg5 hxg5 12.Bxg5 Kg7 13.e4 e5 14.Qg3 Rh8 15.Bxf6+ Kxf6
16.f4 Nxd4 17.Rf1 Ke6 18.Bg4+ f5 19.O-O-O Rg8 20.exf5+ Kf7 21.Qh3 Qf6 22.Bh5+ Ke7
23.Rfe1 Bxf5 24.Qa3 Nc2 25.Qa5 b6  0-1

[Event "Autumn Cup GM"]
[Site "Bucharest ROM"]
[Date "2000.12.01"]
[Round "11"]
[White "Itkis,B"]
[Black "Vukovic,Zd"]
[Result "0-1"]
[WhiteElo "2384"]
[BlackElo "2471"]

1.d4 Nf6 2.c4 Nc6 3.Nf3 e6 4.g3 d5 5.Nbd2 dxc4 6.Nxc4 b5 7.Ne3 Rb8 8.Bg2 Be7
9.O-O O-O 10.a3 Ba6 11.Qd3 Rb6 12.b4 Bb7 13.Bd2 Qa8 14.a4 Nxb4 15.Bxb4 Bxb4
16.a5 Rd6 17.Qxb5 Bc3 18.Rac1 Bxd4 19.Rxc7 Bxf3 20.Bxf3 Qd8 21.Rfc1 Bxe3
22.fxe3 a6 23.Qb7 e5 24.Rc8 Qxa5 25.Rxf8+ Kxf8 26.Rc7 e4 27.Rxf7+ Kg8 28.Rxg7+ Kh8
29.Qf7 Rd1+ 30.Kg2 exf3+ 31.exf3 Rd2+ 32.Kh3 Qf5+  0-1

[Event "Open"]
[Site "Padova ITA"]
[Date "2000.12.08"]
[Round "7"]
[White "Astengo,M"]
[Black "Antoniacci,R"]
[Result "0-1"]
[WhiteElo "2060"]
[BlackElo "2065"]

1.d4 Nf6 2.c4 Nc6 3.Nf3 e6 4.Nc3 Bb4 5.Qc2 d5 6.Bg5 h6 7.Bh4 g5 8.Bg3 Ne4
9.e3 h5 10.Ne5 h4 11.Nxc6 bxc6 12.Be5 f6 13.f3 Nxc3 14.bxc3 Be7 15.Qg6+ Kf8
16.f4 fxe5 17.fxe5 Qe8 18.Qc2 Kg7 19.Be2 Rf8 20.O-O-O Ba3+ 21.Kd2 Rb8 22.Rb1 Rxb1
23.Rxb1 Qg6 24.Qxg6+ Kxg6 25.Rb8 Ba6  0-1

[Event "2nd Viking IM"]
[Site "York ENG"]
[Date "2000.12.20"]
[Round "8"]
[White "Krutti,V"]
[Black "Palliser,R"]
[Result "0-1"]
[WhiteElo "2397"]
[BlackElo "2322"]

1.d4 Nf6 2.c4 Nc6 3.Nc3 e5 4.Nf3 exd4 5.Nxd4 Bb4 6.Bg5 h6 7.Bh4 Bxc3+ 8.bxc3 Ne5
9.e3 Ng6 10.Bg3 Ne4 11.Qc2 Nxg3 12.hxg3 d6 13.f4 Qe7 14.Kf2 c5 15.Nf3 Bd7
16.Bd3 O-O-O 17.Rae1 Nf8 18.Be4 Re8 19.Bd5 Be6 20.e4 Nd7 21.e5 dxe5 22.Nxe5 Bxd5
23.cxd5 Nxe5 24.fxe5 Qg5 25.Qe2 f6 26.Qc4 fxe5 27.Qxc5+ Kb8 28.Qe3 Rhf8+
29.Kg1 Qxe3+ 30.Rxe3 Kc7 31.Rh4 Kd6 32.Ra4 Kxd5 33.Rxa7 Ra8 34.Rxb7 Rxa2
35.Rd7+ Ke6 36.Rxg7 Rff2 37.Kh2 Rxg2+ 38.Kh3 h5 39.Kh4 Kf6  0-1

[Event "Ambassador Open"]
[Site "Bern SUI"]
[Date "2000.12.27"]
[Round "2"]
[White "Ernst,H"]
[Black "Velicka,P"]
[Result "0-1"]
[WhiteElo "2146"]
[BlackElo "2464"]

1.d4 Nf6 2.c4 Nc6 3.Nf3 e6 4.Nc3 Bb4 5.Qc2 d6 6.a3 Bxc3+ 7.Qxc3 O-O 8.e3 Qe7
9.b4 e5 10.dxe5 Nxe5 11.Nxe5 dxe5 12.Bb2 Re8 13.Be2 Bf5 14.Rd1 Ne4 15.Qc1 a5
16.b5 Rad8 17.O-O Nc5 18.Rxd8 Rxd8 19.Rd1 Bd3 20.Bxd3 Nxd3 21.Qd2 Rd6 22.Ra1 b6
23.Bc3 Qh4 24.Qa2 Rh6 25.h3 Rg6 26.Kf1 Qe4 27.g3 Rf6 28.Be1 Qh1+ 29.Ke2 Nxe1
30.Rxe1 Rxf2+  0-1

[Event "It"]
[Site "Bajmok YUG"]
[Date "2001.02.01"]
[Round "7"]
[White "Glavas,D"]
[Black "Petre,NT"]
[Result "0-1"]
[WhiteElo "2336"]
[BlackElo "2327"]

1.d4 Nf6 2.c4 Nc6 3.Nf3 e6 4.Nc3 Bb4 5.Qc2 d6 6.Bg5 h6 7.Bxf6 Qxf6 8.e3 e5
9.d5 Bxc3+ 10.Qxc3 Nb8 11.Nd2 O-O 12.Bd3 Bf5 13.Bxf5 Qxf5 14.O-O Nd7 15.b4 e4
16.Qc2 Rfe8 17.f3 Nf6 18.Nb3 Qh5 19.Rae1 exf3 20.gxf3 Qg5+ 21.Qg2 Re7 22.Na5 Rae8
23.Qxg5 hxg5 24.Kf2 Nd7 25.Re2 Ne5 26.Rd1 b6 27.Nc6 Nxc6 28.dxc6 Re5 29.Rd3 a5
30.a3 axb4 31.axb4 Ra8 32.b5 Ra4 33.Rc2 f6 34.Rd4 Ra3 35.c5 bxc5 36.Rxd6 Rb3
37.Rd8+ Kh7 38.Rd7 Rxb5 39.Rxc7 Re8 40.Rc4 Rb2+ 41.Kg3 Rxe3 42.Rd7 Ree2 43.h4 Rg2+
44.Kh3 Rh2+ 45.Kg4 Rxh4+ 46.Kf5 Rxc4 47.Rd1 Re2 48.Rh1+ Rh4 49.c7 Re5+  0-1

[Event "TCh-FRA"]
[Site "Noyon FRA"]
[Date "2001.02.04"]
[Round "3"]
[White "Tregubov,P"]
[Black "Chevallier,D"]
[Result "1-0"]
[WhiteElo "2628"]
[BlackElo "2317"]

1.d4 Nf6 2.c4 Nc6 3.Nf3 e6 4.a3 d6 5.Nc3 g6 6.g3 Bg7 7.Bg2 O-O 8.O-O Re8
9.Re1 a6 10.e4 h6 11.h3 e5 12.Be3 exd4 13.Nxd4 Nxd4 14.Bxd4 Nd7 15.Bxg7 Kxg7
16.Qd4+ Qf6 17.Qd2 c6 18.f4 Nf8 19.Rad1 Be6 20.Qxd6 Bxc4 21.Qb4 b5 22.e5 Qf5
23.Ne4 Qe6 24.Nd6 Red8 25.g4  1-0

[Event "12th Goodricke Open"]
[Site "Calcutta IND"]
[Date "2001.02.07"]
[Round "2"]
[White "Sriram,J"]
[Black "Ramesh,R"]
[Result "1/2-1/2"]
[WhiteElo "2412"]
[BlackElo "2467"]

1.d4 Nf6 2.c4 Nc6 3.Nf3 e6 4.Nc3 Bb4 5.Bg5 h6 6.Bh4 g5 7.Bg3 g4 8.Ne5 Ne4
9.Qd3 Nxg3 10.Nxc6 bxc6 11.hxg3 Qg5 12.a3 Be7 13.e3 Rb8 14.Qc2 c5 15.O-O-O cxd4
16.Rxd4 Qa5 17.Qa4 Qxa4 18.Nxa4 f5 19.Rd2 Bb7 20.Nc3 Bf6 21.Nb5 Kd8 22.Rg1 a6
23.Nd4 Ke7 24.Bd3 h5 25.Ne2 h4 26.gxh4 Rxh4 27.Nf4 Rh2 28.g3 c5 29.Bf1 Bg5
30.Bd3 a5 31.Bc2 Bc6 32.Nd3 d6 33.Nf4 Rd8 34.Rf1 Kf7 35.Kb1 Bf6 36.Kc1 Be7
37.Bd1 Rdh8 38.Bc2 Bf3 39.Ba4 R8h6 40.Bd7 Be4 41.Ba4 Rh1 42.Rxh1 Rxh1+ 43.Rd1 Rh2
44.Rd2 Bg5 45.Bc2 Rh1+ 46.Rd1 Rxd1+ 47.Bxd1 Ke7 48.Kd2 Bf6 49.Kc1 d5 50.cxd5 exd5
51.Bc2 Kd6 52.Bxe4 fxe4 53.b3 d4 54.Kd2 a4 55.exd4 Bxd4 56.bxa4 Bxf2 57.Ne2 Bd4
58.Kc2 Kd5 59.Kb3 Be5 60.a5 Bc7  1/2-1/2

[Event "12th Goodricke Open"]
[Site "Calcutta IND"]
[Date "2001.02.10"]
[Round "5"]
[White "Murali Krishnan,B"]
[Black "Gupta,A"]
[Result "1/2-1/2"]
[WhiteElo "2353"]
[BlackElo "2130"]

1.d4 Nf6 2.c4 Nc6 3.Nf3 e6 4.a3 d6 5.Nc3 Be7 6.h3 O-O 7.Bf4 Nd7 8.e3 e5 9.Bh2 a5
10.Be2 f5 11.O-O Bf6 12.Nd5 g6 13.Nxf6+ Qxf6 14.Qd2 a4 15.Qc3 f4 16.dxe5 dxe5
17.exf4 exf4 18.Qxf6 Rxf6 19.Rad1 Nc5 20.Rfe1 b6 21.Nd4 Nxd4 22.Rxd4 Bb7
23.Bf1 Raf8 24.Re7 g5 25.Be2 R6f7 26.Re5 Rf5 27.Rxf5 Rxf5 28.Kf1 Re5 29.f3 Kf7
30.g3 fxg3 31.Bxg3 Rf5 32.Kg2 Ke8 33.Bd1 Nb3 34.Rd3 Rc5 35.Rc3 h5 36.Bf2 Rf5
37.Kg3 h4+ 38.Kg2 Kd7 39.Bxb3 axb3 40.Rxb3 Bc6 41.Rd3+ Kc8 42.Be1 b5 43.cxb5 Bxb5
44.Rc3 Kd7 45.Bd2 c5 46.b3 Bc6 47.Kf2 Kc7 48.f4 gxf4 49.Rc4 Kb6 50.Rxf4 Rxf4+
51.Bxf4 Bd5 52.Bg5 Bxb3 53.Bxh4 Be6 54.Kg3 c4 55.Bg5  1/2-1/2